| 000 | 00434nam a2200169 a 4500 | ||
|---|---|---|---|
| 005 | 20140310183208.0 | ||
| 008 | 030207s19uu xx 00 eng d | ||
| 020 | _a0752805916 | ||
| 050 |
_aPS 3551.B336 _b.Ab139 1997 |
||
| 100 | _aAbel, kenneth | ||
| 245 |
_aThe Blue wall / _cKenneth Abel. |
||
| 260 |
_aGreat Britain : _bOrion, _c1997. |
||
| 300 |
_a358 p. : _c17 cm. |
||
| 650 | _aFiction | ||
| 942 |
_cBK _2lcc |
||
| 999 |
_c20060 _d20060 |
||